| 000 | 00471 a2200145 4500 | ||
|---|---|---|---|
| 001 | 34949 | ||
| 082 | _a025.002854LOV | ||
| 090 |
_c23111 _d23111 |
||
| 100 | _aLovecy, Ian | ||
| 245 | _aAutomating Library procedures ; a survivor's handbook | ||
| 260 |
_aLondon _bLib Association _c1984 |
||
| 300 | _aix, 247p | ||
| 650 |
_alibrary integrated systems _ccomputers - lib administration _xselection systems |
||
| 740 |
_alibraries- automation _hlibraries- administration |
||
| 942 |
_aNUST-CAE _k025.002854LOV |
||
| 999 |
_c270022 _d270022 |
||